000
00316 a2200157 4500
001
61589
020
_a
9788580101430
040
_c
Anchieta - Pituba
100
_a
Benedine , Dalton Luiz
240
1
0
_a
Química
_l
por
245
1
0
_a
Química
300
_a
156
362
0
_a
2011
650
4
_a
Química
942
_c
BK
999
_c
61589
_d
61589